Pratice and progress

Saved in:
Bibliographic Details
Format: Book
Published: 1973
Tags: Add Tag
No Tags, Be the first to tag this record!
Institutions: Mạng thư viện Đại học Đà Nẵng
LEADER 00433nam a22001811a 4500
001 000037884
003 14179
005 20160412021156.0
008 160412s1973 000
082 |a 4A(07)1351-54 
245 |a Pratice and progress  |c L.G. Alexander 
260 |c 1973 
OWN |a LNN 
999 |a From the UDN01 
TYP |a Monograph 
980 |a Mạng thư viện Đại học Đà Nẵng